[Event "Reykjavik Open 2024"]
[Site "Reykjavik ISL"]
[Date "2024.03.16"]
[Round "2.117"]
[White "Clare, Philip"]
[Black "Madsen, Jens Ingemann"]
[Result "0-1"]
[WhiteElo "1607"]
[BlackElo "1945"]
[WhiteFideId "343413315"]
[BlackFideId "1434993"]
[EventDate "2024.03.15"]

1. c4 e6 2. Nc3 f5 3. e3 Nf6 4. g3 d5 5. cxd5 exd5 6. d4 c6 7. Nge2 Bd6 8. Bg2
O-O 9. O-O Qe7 10. b3 Be6 11. Bb2 Ne4 12. Nf4 Bf7 13. Rc1 Nd7 14. Bh3 Be8 15.
Na4 g5 16. Nd3 Bg6 17. f3 Nef6 18. Qd2 h5 19. Bg2 Rfe8 20. Rfe1 Qh7 21. Nac5
Rab8 22. f4 g4 23. Ne5 Nxc5 24. dxc5 Be7 25. b4 a6 26. a4 h4 27. gxh4 Ne4 28.
Bxe4 dxe4 29. Qc3 Bf7 30. Nxf7 Kxf7 31. Rcd1 Rbd8 32. Qe5 Bxh4 33. Qc7+ Kg6 34.
Qxh7+ Kxh7 35. Rxd8 Rxd8 36. Re2 Rd1+ 37. Kg2 Be1 38. Bd4 Bxb4 39. Rb2 a5 40. h3
gxh3+ 41. Kxh3 Rd2 42. Rxd2 Bxd2 43. Kh4 Kg6 44. Kh3 Be1 45. Be5 Kf7 46. Kg2 Ke6
47. Kf1 Bb4 48. Bd4 Kd5 49. Ke2 Bxc5 50. Bc3 Bb4 51. Bf6 Kc4 52. Bd4 Kb3 53. Kd1
c5 54. Be5 c4 55. Kc1 c3 56. Kb1 0-1

[Event "Reykjavik Open 2024"]
[Site "Reykjavik ISL"]
[Date "2024.03.16"]
[Round "2.118"]
[White "Atharva M Parulekar"]
[Black "Bjarnason, Kristinn"]
[Result "1-0"]
[WhiteElo "1580"]
[BlackElo "1934"]
[WhiteFideId "35007190"]
[BlackFideId "2323028"]
[EventDate "2024.03.15"]

1. e4 c6 2. d4 d5 3. exd5 cxd5 4. Bd3 Nc6 5. c3 Nf6 6. Bf4 Bg4 7. Qb3 Qd7 8. Nd2
a6 9. Ngf3 e6 10. Ne5 Nxe5 11. Bxe5 Be7 12. h3 Bh5 13. O-O O-O 14. Qc2 Bg6 15.
Bh2 Bxd3 16. Qxd3 Bd6 17. f4 Qc7 18. Rf2 Nd7 19. Qe2 Rfe8 20. Qh5 f5 21. Re1 Nf6
22. Qe2 b5 23. g4 Ne4 24. Nxe4 dxe4 25. a3 Rab8 26. a4 Qc6 27. axb5 axb5 28. Rg2
Kh8 29. gxf5 exf5 30. Qh5 Qd7 31. Rg5 Rf8 32. Kh1 Be7 33. Rg2 b4 34. Bg1 bxc3
35. bxc3 Qc7 36. Rc2 Rf6 37. Be3 g6 38. Qe2 Rc6 39. d5 Rc4 40. Bd4+ Kg8 41. Be5 1-0

[Event "Reykjavik Open 2024"]
[Site "Reykjavik ISL"]
[Date "2024.03.16"]
[Round "2.119"]
[White "Becke, Wolf"]
[Black "Tourbez, Geofrey"]
[Result "1-0"]
[WhiteElo "1928"]
[BlackElo "1517"]
[WhiteFideId "16203038"]
[BlackFideId "653058810"]
[EventDate "2024.03.15"]

1. c4 Nf6 2. Nc3 g6 3. e4 d6 4. g3 Bg7 5. Bg2 O-O 6. Nge2 e5 7. d3 h6 8. O-O Nc6
9. h3 Be6 10. f4 Nd4 11. Nxd4 exd4 12. Ne2 Nh7 13. f5 Bd7 14. Bd2 c6 15. g4 g5
16. Be1 Be5 17. Bf2 c5 18. Qd2 f6 19. Bf3 b5 20. b3 b4 21. Kg2 a5 22. Rh1 a4 23.
h4 Kg7 24. Ng3 Be8 25. Rab1 axb3 26. axb3 Ra3 27. Rh2 Qa5 28. hxg5 fxg5 29. f6+
Rxf6 30. Nf5+ Rxf5 31. exf5 Bxh2 32. Kxh2 Ra2 33. Qe1 Nf6 34. Qe7+ Bf7 35. Kg2
Rd2 36. Re1 Rxd3 37. Re6 Ng8 38. Rg6+ 1-0

[Event "Reykjavik Open 2024"]
[Site "Reykjavik ISL"]
[Date "2024.03.16"]
[Round "2.123"]
[White "Cornette, Matthieu"]
[Black "Briem, Benedikt"]
[Result "1-0"]
[WhiteTitle "GM"]
[WhiteElo "2575"]
[BlackElo "2102"]
[WhiteFideId "620084"]
[BlackFideId "2315432"]
[EventDate "2024.03.15"]

1. e4 e5 2. Nf3 Nc6 3. Bc4 Bc5 4. c3 Nf6 5. d3 O-O 6. Bg5 h6 7. Bh4 Be7 8. Nbd2
d6 9. a4 a5 10. Bg3 Bg4 11. h3 Bh5 12. Qb3 Rb8 13. O-O Nd7 14. d4 Bf6 15. dxe5
Ncxe5 16. Nxe5 dxe5 17. f3 Nc5 18. Qc2 Qe7 19. Rad1 Bh4 20. Bxh4 Qxh4 21. b4
axb4 22. cxb4 Nd7 23. Be2 c6 24. Nc4 Rfd8 25. Rd3 Nf8 26. Ne3 Ne6 27. Rfd1 1-0

[Event "Reykjavik Open 2024"]
[Site "Reykjavik ISL"]
[Date "2024.03.16"]
[Round "2.124"]
[White "Krzyzanowski, Marcin"]
[Black "Payne, Matthew J"]
[Result "1-0"]
[WhiteTitle "GM"]
[WhiteElo "2524"]
[BlackElo "2077"]
[WhiteFideId "1132199"]
[BlackFideId "417084"]
[EventDate "2024.03.15"]

1. e4 e6 2. d4 d5 3. Nd2 c5 4. Ngf3 cxd4 5. Nxd4 Nc6 6. Bb5 Bd7 7. Nxc6 bxc6 8.
Bd3 Bd6 9. Qe2 Qc7 10. Nf3 dxe4 11. Qxe4 h6 12. O-O Nf6 13. Qh4 O-O-O 14. Re1 c5
15. b4 cxb4 16. Ne5 Qc3 17. Bb2 Bxe5 18. Bxc3 Bxc3 19. a3 Bxe1 20. axb4 Bc6 21.
Qc4 Bxf2+ 22. Kxf2 Kb7 23. Qa6+ Kc7 24. Qxa7+ Bb7 25. Ba6 Ne4+ 26. Ke1 Nd6 27.
Rd1 1-0

[Event "Reykjavik Open 2024"]
[Site "Reykjavik ISL"]
[Date "2024.03.16"]
[Round "2.125"]
[White "Phan, Stefanus Kf"]
[Black "Bulmaga, Irina"]
[Result "1-0"]
[BlackTitle "IM"]
[WhiteElo "2019"]
[BlackElo "2429"]
[WhiteFideId "5806283"]
[BlackFideId "13903063"]
[EventDate "2024.03.15"]

1. c4 e6 2. g3 Nf6 3. Bg2 d5 4. Nf3 Be7 5. O-O O-O 6. d4 dxc4 7. Ne5 Nc6 8. Bxc6
bxc6 9. Nxc6 Qe8 10. Nxe7+ Qxe7 11. Qa4 e5 12. dxe5 Qxe5 13. Qxc4 Be6 14. Qc2
Bf5 15. Qd2 Bh3 16. Re1 Rad8 17. Qc3 Qd5 18. f3 Rfe8 19. Na3 Ne4 20. Qc4 Qa5 21.
Nc2 Nd2 22. b4 Nxf3+ 23. Kf2 Ne5 24. bxa5 Nxc4 25. Bf4 Nxa5 26. Ne3 Nc6 27. Rac1
Re6 28. Rc5 f5 29. Rec1 Ne7 30. Rxc7 Rd2 31. R1c2 Rxc2 32. Nxc2 Nc6 33. Ne3 h6
34. Nd5 Nd4 35. Be3 Re4 36. Nf4 Bg4 37. h3 g5 38. Nd5 Re5 39. Nf6+ 1-0

[Event "Reykjavik Open 2024"]
[Site "Reykjavik ISL"]
[Date "2024.03.16"]
[Round "2.126"]
[White "Fantinel, Thibault"]
[Black "Harish, Neeraj"]
[Result "1/2-1/2"]
[WhiteTitle "IM"]
[BlackTitle "CM"]
[WhiteElo "2421"]
[BlackElo "2090"]
[WhiteFideId "663395"]
[BlackFideId "30958130"]
[EventDate "2024.03.15"]

1. e4 c5 2. Nc3 Nc6 3. Nge2 Nf6 4. g3 d5 5. exd5 Ne5 6. Bg2 Bg4 7. O-O Nxd5 8.
f3 Bf5 9. d3 g6 10. g4 Be6 11. Nf4 Nxf4 12. Bxf4 Bg7 13. Qd2 O-O 14. Rae1 Bd7
15. Bxe5 f6 16. Bg3 e5 17. f4 Bxg4 18. Bxb7 Rb8 19. Qg2 Qd7 20. Bd5+ Kh8 21.
fxe5 Rxb2 22. exf6 Rxf6 23. Be5 Rxf1+ 24. Qxf1 Qf5 25. Bxg7+ Kxg7 26. Re7+ Kh8
27. Re8+ Kg7 28. Re7+ Kh8 29. Qxf5 gxf5 30. Bg2 Rxc2 31. Nd5 Rxg2+ 32. Kxg2 Bf3+
33. Kf2 Bxd5 34. Rxa7 1/2-1/2

[Event "Reykjavik Open 2024"]
[Site "Reykjavik ISL"]
[Date "2024.03.16"]
[Round "2.128"]
[White "Papadiamandis, Elliot"]
[Black "Gortemaker, Lucas"]
[Result "1-0"]
[WhiteTitle "IM"]
[WhiteElo "2302"]
[BlackElo "2032"]
[WhiteFideId "36074160"]
[BlackFideId "1013394"]
[EventDate "2024.03.15"]

1. e4 c6 2. Nc3 d5 3. Nf3 dxe4 4. Nxe4 Nf6 5. Qe2 Bf5 6. Nxf6+ gxf6 7. d3 Nd7 8.
g3 Ne5 9. Nh4 Bg4 10. Qe4 Be6 11. Bg2 Bd5 12. Qd4 Bxg2 13. Qxd8+ Rxd8 14. Nxg2
Nf3+ 15. Kd1 e6 16. Be3 a6 17. Ne1 Nd4 18. c3 Nf5 19. Ke2 Bg7 20. Nf3 O-O 21. g4
Ne7 22. a4 Rd7 23. d4 Rfd8 24. Nd2 f5 25. h3 c5 26. dxc5 f4 27. Bxf4 Nd5 28. Bd6
b6 29. Nc4 bxc5 30. Bg3 f5 31. Rhe1 Kf7 32. Kf3 h5 33. gxf5 exf5 34. Rad1 Kg8
35. Be5 Bh6 36. Rd3 Kf7 37. Nd6+ Ke6 38. Bg3+ Be3 39. fxe3 Nf6 40. Red1 Ne8 41.
Nf7 1-0

[Event "Reykjavik Open 2024"]
[Site "Reykjavik ISL"]
[Date "2024.03.16"]
[Round "2.129"]
[White "Manish Anto, Cristiano F"]
[Black "Petursson, Gudni"]
[Result "1-0"]
[WhiteTitle "IM"]
[WhiteElo "2286"]
[BlackElo "1983"]
[WhiteFideId "25095927"]
[BlackFideId "2301725"]
[EventDate "2024.03.15"]

1. c4 g6 2. Nc3 Bg7 3. d4 c5 4. Nf3 cxd4 5. Nxd4 Nc6 6. Nc2 Nf6 7. e4 O-O 8. Be2
d6 9. O-O Bd7 10. Be3 Rc8 11. Rc1 Ne5 12. Na3 a6 13. h3 Bc6 14. f4 Ned7 15. Bf3
Re8 16. Nc2 Nb6 17. b3 Nbd7 18. Nd4 Qa5 19. Qd2 Qd8 20. Rfd1 Qc7 21. Qf2 Qb8 22.
Nxc6 bxc6 23. c5 Nxc5 24. Bxc5 dxc5 25. e5 Nd5 26. Bxd5 cxd5 27. Nxd5 e6 28.
Nf6+ Bxf6 29. exf6 e5 30. f5 Qb6 31. fxg6 hxg6 32. Rd5 Rc6 33. Rf1 Ree6 34. Rfd1
Re8 35. Rf1 Ree6 36. Qe3 Rxf6 37. Rxf6 Rxf6 38. Rxe5 Rf5 39. Rxf5 gxf5 40. Qg5+
Qg6 41. Qd8+ Kh7 42. Qc7 Qf6 43. Kh2 Kg7 44. Qxc5 f4 45. Qd5 Kh7 46. a4 Kg7 47.
b4 Kf8 48. b5 axb5 49. axb5 Ke7 50. Qc5+ Kd7 51. b6 f3 52. Qc7+ Ke8 53. b7 1-0

[Event "Reykjavik Open 2024"]
[Site "Reykjavik ISL"]
[Date "2024.03.16"]
[Round "2.130"]
[White "Frank, Anton 2006"]
[Black "Bisby, Daniel L"]
[Result "0-1"]
[BlackTitle "FM"]
[WhiteElo "1996"]
[BlackElo "2273"]
[WhiteFideId "1752383"]
[BlackFideId "404586"]
[EventDate "2024.03.15"]

1. d4 Nf6 2. Nc3 g6 3. e4 d6 4. Nf3 Bg7 5. Be2 O-O 6. O-O c6 7. a4 Qc7 8. h3
Nbd7 9. Be3 b6 10. Re1 Bb7 11. Qd2 a6 12. e5 dxe5 13. dxe5 Nxe5 14. Nxe5 Qxe5
15. Bxb6 Qd6 16. Qxd6 exd6 17. Bf3 Rfe8 18. a5 Nd7 19. Bc7 d5 20. Na4 Rac8 21.
Bg3 h5 22. c3 Re6 23. Rxe6 fxe6 24. Ra3 Re8 25. Rb3 Bc8 26. Be2 e5 27. Nb6 Nc5
28. Ra3 Bf5 29. b4 Bd3 30. Bd1 Ne4 31. Bh2 Rf8 32. f3 Nd6 33. Ra1 Nb5 34. Nd7
Re8 35. Nc5 e4 36. Nxa6 Bxc3 37. Rc1 e3 38. Bg3 e2 39. Ba4 e1=Q+ 40. Bxe1 Rxe1+
41. Rxe1 Bxe1 42. Nc5 Bc4 43. Nd7 Bxb4 44. a6 Na7 45. Ne5 Bxa6 46. Nxg6 Bc5+ 47.
Kh1 Bd6 48. Nh4 Bd3 49. g4 Bg3 50. Ng2 Be2 51. Ne3 Bxf3+ 52. Kg1 hxg4 53. hxg4
Kf7 54. Nf5 Bf4 55. Kf2 Bxg4 56. Nd4 Bd7 57. Ne2 Be5 58. Nc1 Ke7 59. Nd3 Bd4+
60. Kf3 Kd6 61. Nf4 Nb5 62. Bb3 Nc3 63. Nd3 Bf5 64. Nf4 Be4+ 65. Kg4 c5 66. Nh5
c4 67. Bxc4 dxc4 68. Ng3 Ke5 69. Nf1 Nb1 0-1

[Event "Reykjavik Open 2024"]
[Site "Reykjavik ISL"]
[Date "2024.03.16"]
[Round "2.131"]
[White "Dimitrijeski, Boris"]
[Black "Omarsson, Adam"]
[Result "1-0"]
[WhiteTitle "FM"]
[WhiteElo "2183"]
[BlackElo "1976"]
[WhiteFideId "4638689"]
[BlackFideId "2311453"]
[EventDate "2024.03.15"]

1. d4 Nf6 2. c4 c5 3. d5 d6 4. Nc3 g6 5. e4 Bg7 6. Nf3 O-O 7. Be2 e6 8. O-O exd5
9. exd5 Re8 10. h3 Na6 11. Bd3 Nc7 12. a4 b6 13. Bf4 Nh5 14. Bh2 f5 15. Qd2 Qf6
16. Rfe1 Bd7 17. Rxe8+ Rxe8 18. Re1 Qf8 19. Rxe8 Nxe8 20. Bc2 Bh6 21. Qe1 Kf7
22. h4 Qe7 23. Qxe7+ Kxe7 24. Ng5 Nhf6 25. f3 Bg7 26. Ne2 h6 27. Nh3 Nh5 28. b3
Bf6 29. g3 a6 30. Kg2 b5 31. Bg1 b4 32. Be3 Bg7 33. Nf2 Nhf6 34. Bc1 Nc7 35. Nf4
Kf7 36. Bd2 a5 37. Nd1 Na8 38. Ne3 Nb6 39. g4 fxg4 40. Bxg6+ Ke7 41. Nf5+ Bxf5
42. Bxf5 gxf3+ 43. Kxf3 Nfd7 44. Nd3 Kf6 45. Ke4 Kf7 46. Be6+ Ke7 47. Kf5 Nf8
48. Nf4 Nxe6 49. dxe6 d5 50. Nxd5+ Nxd5 51. cxd5 c4 52. bxc4 b3 53. Bc1 b2 54.
Bxb2 Bxb2 55. c5 Ba3 56. c6 Bd6 57. Kg6 Kf8 58. h5 Be5 59. Kxh6 Bf6 60. Kh7 Ke7
61. h6 Ke8 62. Kg8 Kd8 63. h7 Ke8 64. h8=Q 1-0

[Event "Reykjavik Open 2024"]
[Site "Reykjavik ISL"]
[Date "2024.03.16"]
[Round "2.132"]
[White "Eriksson, Jorgen"]
[Black "Honey, Luke Anthony"]
[Result "1/2-1/2"]
[WhiteElo "2154"]
[BlackElo "1939"]
[WhiteFideId "1701967"]
[BlackFideId "343403425"]
[EventDate "2024.03.15"]

1. d4 d5 2. Bf4 c5 3. c3 Nc6 4. e3 Qb6 5. Qb3 c4 6. Qc2 e5 7. dxe5 Bf5 8. Qc1 g5
9. Bg3 h5 10. h3 Bg7 11. Nf3 g4 12. hxg4 hxg4 13. Rxh8 Bxh8 14. Nd4 Nge7 15. b3
Bxe5 16. Bh4 cxb3 17. axb3 Rc8 18. Qa3 a6 19. Nd2 Bh7 20. Be2 g3 21. Bg4 gxf2+
22. Kxf2 Rc7 23. N2f3 Nxd4 24. cxd4 Bf6 25. Bxf6 Qxf6 26. Rc1 Rxc1 27. Qxc1 Qc6
28. Qc5 Qxc5 29. dxc5 Nc6 30. Bc8 Nd8 31. Nd4 Ke7 32. g4 Kf6 33. Kg3 Ke5 34. Kf3
Bd3 35. b4 Bg6 36. Nb3 Be4+ 37. Kf2 Bh1 38. Nd4 Be4 39. Ke2 Bg2 40. Kf2 Be4 41.
Ke2 Bg2 42. Kf2 Be4 1/2-1/2

[Event "Reykjavik Open 2024"]
[Site "Reykjavik ISL"]
[Date "2024.03.16"]
[Round "2.133"]
[White "Mueller, Magnus"]
[Black "Smits, Eduard"]
[Result "1-0"]
[WhiteElo "2144"]
[BlackElo "1918"]
[WhiteFideId "16230060"]
[BlackFideId "1044184"]
[EventDate "2024.03.15"]

1. e4 c5 2. c3 d5 3. exd5 Qxd5 4. d4 Nc6 5. Nf3 Bf5 6. Be3 O-O-O 7. Nbd2 cxd4 8.
Nxd4 Nxd4 9. Bxd4 e5 10. Bxa7 Nf6 11. Qe2 Qa5 12. Qc4+ Kd7 13. Qb5+ Qxb5 14.
Bxb5+ Kc7 15. Nc4 Rd5 16. a4 Be7 17. Ne3 Be6 18. Nxd5+ Bxd5 19. O-O b6 20. a5
bxa5 21. Rxa5 Bb3 22. Be3 Rb8 23. Be2 Nd5 24. Bd2 f6 25. Bf3 Nb6 26. Ra7+ Kd8
27. Be3 f5 28. Rfa1 Nc4 29. Ra8 Kc8 30. Bd5 f4 31. Be6+ Kc7 32. R1a7+ Rb7 33.
Rc8+ Kd6 34. Rxb7 fxe3 35. Bxc4 Bxc4 36. Rxc4 Kd5 37. fxe3 1-0

[Event "Reykjavik Open 2024"]
[Site "Reykjavik ISL"]
[Date "2024.03.16"]
[Round "2.134"]
[White "Rathbone-Jones, Ifan"]
[Black "George Samir, David"]
[Result "1/2-1/2"]
[BlackTitle "FM"]
[WhiteElo "1966"]
[BlackElo "2130"]
[WhiteFideId "1803859"]
[BlackFideId "10657789"]
[EventDate "2024.03.15"]

1. d4 Nf6 2. Nf3 c5 3. c3 g6 4. Bg5 Ne4 5. dxc5 Nxg5 6. Nxg5 Bg7 7. Nd2 Qc7 8.
Qb3 O-O 9. e3 Qxc5 10. Nge4 Qc7 11. h4 h5 12. Bd3 Nc6 13. Nf3 d5 14. Ng3 Na5 15.
Qc2 Nc4 16. Bxc4 dxc4 17. O-O b6 18. Ng5 Bb7 19. Nxh5 Qc6 20. f3 Bh6 21. Nf4 e5
22. Nfh3 Rad8 23. Rad1 Kg7 24. Rxd8 Rxd8 25. Rd1 Rd7 26. Rd2 Ba6 27. Rxd7 Qxd7
28. Qe4 f6 1/2-1/2

[Event "Reykjavik Open 2024"]
[Site "Reykjavik ISL"]
[Date "2024.03.16"]
[Round "2.135"]
[White "Salzmann, Jan"]
[Black "Naudin, Yvan"]
[Result "0-1"]
[WhiteElo "1722"]
[BlackElo "1912"]
[WhiteFideId "24693634"]
[BlackFideId "625957"]
[EventDate "2024.03.15"]

1. e4 c5 2. Bc4 Nc6 3. Nc3 g6 4. d3 Bg7 5. Be3 d6 6. Qd2 e6 7. Nge2 a6 8. a4 Nd4
9. O-O Ne7 10. Ng3 h5 11. h3 b6 12. Rab1 d5 13. Ba2 Ndc6 14. exd5 exd5 15. Bf4
Be6 16. Rfe1 Qd7 17. Re2 O-O-O 18. Rbe1 Nd4 19. Re3 Nec6 20. Nce2 h4 21. Nf1 Nf5
22. Rf3 f6 23. Ne3 Nfe7 24. d4 g5 25. Bh2 f5 26. Nf1 Bh6 27. Qc3 g4 28. Rd3 c4
29. Rdd1 gxh3 30. Qxh3 Ng6 31. f4 Bf7 32. c3 Nce7 33. Bb1 Kb7 34. Ne3 Be6 35.
Bc2 Rdg8 36. Rf1 Qd6 37. Nxf5 Qd7 38. g4 hxg3 39. Nexg3 Bxf4 40. Qg4 Rh4 41.
Rxf4 Rxg4 42. Rxg4 Nxf5 0-1

[Event "Reykjavik Open 2024"]
[Site "Reykjavik ISL"]
[Date "2024.03.16"]
[Round "2.136"]
[White "Magnussen, Petur Gardar"]
[Black "Thieu, Nguyen Gia Bao"]
[Result "0-1"]
[WhiteElo "1727"]
[BlackElo "1906"]
[WhiteFideId "7203802"]
[BlackFideId "12913383"]
[EventDate "2024.03.15"]

1. d4 Nf6 2. Bg5 e6 3. c4 b6 4. Nc3 Bb4 5. e3 c5 6. Nf3 Bb7 7. Be2 O-O 8. O-O
Bxc3 9. bxc3 Nc6 10. Ne5 Qc7 11. Bxf6 gxf6 12. Nxc6 Bxc6 13. Bd3 f5 14. f3 Kh8
15. e4 f4 16. Qd2 e5 17. Qf2 d6 18. Rad1 Rg8 19. Rd2 Qe7 20. d5 Bd7 21. Kh1 Rg6
22. Rg1 Rag8 23. Rdd1 Qg5 24. g3 fxg3 25. Rxg3 Qf4 26. Rdg1 Rxg3 27. hxg3 Qh6+
28. Qh2 Qe3 29. Qe2 Qg5 30. Rg2 Qc1+ 31. Qf1 Qxc3 32. Qe2 Qc1+ 33. Kh2 Rg6 34.
Rg1 Qg5 35. Rg2 Rh6+ 36. Kg1 Qc1+ 37. Kf2 Rh1 38. Qe3 Qa1 39. Qg5 Qe1# 0-1

[Event "Reykjavik Open 2024"]
[Site "Reykjavik ISL"]
[Date "2024.03.16"]
[Round "2.137"]
[White "Einarsson, Eirikur Gardar"]
[Black "Saemundsson, Bjarni"]
[Result "0-1"]
[WhiteElo "1690"]
[BlackElo "1903"]
[WhiteFideId "2307715"]
[BlackFideId "2302900"]
[EventDate "2024.03.15"]

1. e4 e5 2. Nf3 Nc6 3. Bc4 Nf6 4. d3 Bc5 5. c3 d6 6. Nbd2 O-O 7. O-O h6 8. a4 a5
9. Re1 Be6 10. Bb3 Qd7 11. Nf1 d5 12. exd5 Bxd5 13. Nxe5 Nxe5 14. d4 Bxb3 15.
Qxb3 Nd3 16. Rd1 Nxc1 17. Raxc1 Bb6 18. Ne3 c6 19. Nc4 Bc7 20. Qc2 Qg4 0-1

[Event "Reykjavik Open 2024"]
[Site "Reykjavik ISL"]
[Date "2024.03.16"]
[Round "2.138"]
[White "Olsen, Rogvi Heinason"]
[Black "Ferzli, Michael"]
[Result "0-1"]
[WhiteElo "1710"]
[BlackElo "1879"]
[WhiteFideId "7204213"]
[BlackFideId "5310288"]
[EventDate "2024.03.15"]

1. d4 d5 2. c4 c6 3. Nf3 Nf6 4. Nc3 dxc4 5. a4 Bf5 6. e3 e6 7. Bxc4 Bb4 8. O-O
a5 9. Qe2 O-O 10. Rd1 Bg6 11. Ne5 Nbd7 12. Nxg6 hxg6 13. e4 Qc7 14. Bg5 Rfe8 15.
Rac1 Nb6 16. Bb3 Be7 17. h3 Rad8 18. Qf3 Qb8 19. e5 Nfd5 20. Bxe7 Rxe7 21. Ne4
Nb4 22. Nd6 N6d5 23. Qg3 Red7 24. Bc2 Nxc2 25. Rxc2 Ne7 26. Rc3 Nf5 27. Nxf5
gxf5 28. Qf4 Qa7 29. Rc5 Qb6 30. Rd2 Qb4 31. Qg5 Qxa4 32. Rc3 Qb4 33. Rg3 Qf8
34. h4 Rxd4 35. Rxd4 Rxd4 36. h5 Rg4 37. Rxg4 fxg4 38. Qxg4 Qb4 39. h6 Qxg4 0-1

[Event "Reykjavik Open 2024"]
[Site "Reykjavik ISL"]
[Date "2024.03.16"]
[Round "2.139"]
[White "Ozbas, Burak"]
[Black "Pollitt, Henry"]
[Result "0-1"]
[WhiteElo "1876"]
[BlackElo "1674"]
[WhiteFideId "6323480"]
[BlackFideId "2644916"]
[EventDate "2024.03.15"]

1. e4 e6 2. d4 d5 3. exd5 exd5 4. Nf3 Nf6 5. c4 dxc4 6. Bxc4 Bd6 7. Qe2+ Qe7 8.
Qxe7+ Bxe7 9. Bf4 c6 10. Nc3 Bb4 11. O-O O-O 12. Rac1 Nbd7 13. a3 Bxc3 14. bxc3
Nb6 15. Bb3 Bg4 16. Ne5 Nfd5 17. Bd2 Bf5 18. h3 f6 19. Ng4 Bd3 20. Rfe1 Rfe8 21.
Ne3 Kh8 22. Nxd5 cxd5 23. Rxe8+ Rxe8 24. Re1 Rxe1+ 25. Bxe1 Nc4 26. g4 Kg8 27.
Kg2 Kf7 28. a4 Ke6 29. f4 Ne3+ 30. Kf3 Bc2 31. f5+ Kd7 32. Ba2 Nc4 33. a5 Be4+
34. Kf4 Nxa5 35. c4 b6 36. cxd5 Bd3 37. Bxa5 bxa5 38. h4 a4 39. g5 Bc2 40. h5 h6
41. gxh6 gxh6 42. Ke3 Bb3 43. Bb1 a3 0-1

[Event "Reykjavik Open 2024"]
[Site "Reykjavik ISL"]
[Date "2024.03.16"]
[Round "2.140"]
[White "Saemundsson, Thor"]
[Black "Keenan, Alex"]
[Result "0-1"]
[WhiteElo "1626"]
[BlackElo "1839"]
[WhiteFideId "2407493"]
[BlackFideId "2409518"]
[EventDate "2024.03.15"]

1. e4 c5 2. f4 Nc6 3. Nf3 g6 4. Nc3 Bg7 5. d3 e6 6. Be2 Nge7 7. O-O O-O 8. a3 d5
9. Na4 b6 10. Rb1 Bd7 11. Nc3 Nd4 12. Nxd4 cxd4 13. Na2 Rc8 14. Bd2 Ba4 15. b3
Bc6 16. Bb4 dxe4 17. dxe4 Bxe4 18. Bd3 Bxd3 19. Qxd3 a5 20. Bxe7 Qxe7 21. b4 Qc7
22. Rbc1 Qc4 23. bxa5 bxa5 24. Qxc4 Rxc4 25. Rf3 Rfc8 0-1

[Event "Reykjavik Open 2024"]
[Site "Reykjavik ISL"]
[Date "2024.03.16"]
[Round "2.141"]
[White "Megarbane, Julien"]
[Black "Owen, Garth I"]
[Result "0-1"]
[WhiteElo "1632"]
[BlackElo "1834"]
[WhiteFideId "5304300"]
[BlackFideId "10700382"]
[EventDate "2024.03.15"]

1. d4 Nf6 2. c4 g6 3. Nc3 Bg7 4. e4 d6 5. h3 O-O 6. Be3 e5 7. d5 Nbd7 8. Nf3 Nh5
9. g3 b6 10. Be2 Nhf6 11. O-O Nc5 12. Bxc5 bxc5 13. g4 h5 14. Nd2 hxg4 15. hxg4
Bh6 16. f3 Kg7 17. Kf2 Nh5 18. Rh1 Nf4 19. Rxh6 Kxh6 20. Nb3 Kg7 21. Ke3 Qg5 22.
Kd2 Nxd5+ 0-1

[Event "Reykjavik Open 2024"]
[Site "Reykjavik ISL"]
[Date "2024.03.16"]
[Round "2.144"]
[White "Vega, Isaac"]
[Black "Sveinsson, Gudmundur Peng"]
[Result "0-1"]
[WhiteElo "1818"]
[BlackElo "1620"]
[WhiteFideId "30914035"]
[BlackFideId "2314550"]
[EventDate "2024.03.15"]

1. e4 c6 2. d4 d5 3. e5 Bf5 4. Nf3 e6 5. Be2 Nd7 6. O-O Ne7 7. Nbd2 h6 8. Nb3 g5
9. Ne1 Qc7 10. c3 c5 11. Nxc5 Nxc5 12. dxc5 Bg7 13. Bb5+ Nc6 14. f4 gxf4 15.
Bxf4 Bxe5 16. Bxe5 Qxe5 17. Kh1 O-O-O 18. Bxc6 bxc6 19. Nf3 Qc7 20. Nd4 Bg6 21.
Qe2 Kb7 22. b4 Be4 23. b5 Rhg8 24. Rf2 Rg5 25. bxc6+ Ka8 26. Qa6 Rb8 27. Nb5
Rxb5 28. Qxb5 f5 29. Rb2 Rg7 30. Rd1 f4 31. Rd4 f3 32. Rdb4 fxg2+ 33. Kg1 Qxh2+
34. Kxh2 g1=Q+ 0-1

[Event "Reykjavik Open 2024"]
[Site "Reykjavik ISL"]
[Date "2024.03.16"]
[Round "2.145"]
[White "Hasini, Kamabathula"]
[Black "Kononova, Alina"]
[Result "0-1"]
[WhiteElo "1612"]
[BlackElo "1807"]
[WhiteFideId "25712837"]
[BlackFideId "14137593"]
[EventDate "2024.03.15"]

1. e4 e5 2. Nf3 Nc6 3. Bc4 Bc5 4. c3 Nf6 5. d4 exd4 6. e5 d5 7. Bb5 Ne4 8. cxd4
Bb4+ 9. Bd2 Nxd2 10. Nbxd2 O-O 11. O-O Bd7 12. Bd3 Bg4 13. Nb3 a5 14. a3 Be7 15.
Be2 f6 16. Re1 a4 17. Nbd2 fxe5 18. Nxe5 Bxe2 19. Nxc6 Bxd1 20. Nxd8 Bxd8 21.
Raxd1 Bf6 22. Nf3 Rfe8 23. Ne5 Re6 24. Rc1 c6 25. f4 g5 26. f5 Re7 27. Nf3 Rae8
28. Rxe7 Rxe7 29. h3 h5 30. Rd1 Re2 0-1

[Event "Reykjavik Open 2024"]
[Site "Reykjavik ISL"]
[Date "2024.03.16"]
[Round "2.152"]
[White "Pigott, John C"]
[Black "Sushanth, Kamabathula"]
[Result "1/2-1/2"]
[WhiteTitle "IM"]
[WhiteElo "2326"]
[BlackElo "1918"]
[WhiteFideId "400459"]
[BlackFideId "25712667"]
[EventDate "2024.03.15"]

1. e4 c5 2. Nf3 d6 3. Bb5+ Nd7 4. c3 Nf6 5. Qe2 a6 6. Ba4 b5 7. Bc2 e5 8. d4 Be7
9. O-O O-O 10. a4 Bb7 11. Rd1 Qc7 12. d5 Nb6 13. b3 Rfb8 14. Be3 Bc8 15. h3 Bd7
16. a5 Nc8 17. b4 h6 18. Rc1 c4 19. Nbd2 Bd8 20. Nf1 Ne7 21. Ng3 Ng6 22. Qd2 Qc8
23. Bd1 Rb7 24. Nh2 Nh7 25. Bg4 1/2-1/2

[Event "Reykjavik Open 2024"]
[Site "Reykjavik ISL"]
[Date "2024.03.16"]
[Round "2.154"]
[White "Karlinder, Lovis Neo"]
[Black "Skjoldebrand, Martin"]
[Result "0-1"]
[WhiteElo "1642"]
[BlackElo "1884"]
[WhiteFideId "34664785"]
[BlackFideId "1711911"]
[EventDate "2024.03.15"]

1. e4 c5 2. c3 d5 3. exd5 Nf6 4. d4 cxd4 5. Bb5+ Bd7 6. Bxd7+ Qxd7 7. cxd4 Nxd5
8. Nf3 Nc6 9. O-O e6 10. Nc3 Be7 11. Qb3 O-O 12. Nxd5 Qxd5 13. Qxd5 exd5 14. Bf4
Rfe8 15. Be5 f6 16. Bf4 Kf7 17. Rfe1 Bb4 18. Re3 Re4 19. Rxe4 dxe4 20. d5 Ne7
21. Nh4 Nxd5 22. Bg3 g6 23. a3 Be7 24. Rd1 Rd8 25. Kf1 f5 26. Ke2 f4 0-1